000 00695nam a2200157 i 4500
001 162253
003 ES-MaACL
005 20230906212449.0
008 160426q18701899fr c |||| | fre d
245 0 0 _aCatalogue de livres anciens la plupart imprimés par les Aldes et les Elzevirs
_b: livres a figures, etc.
260 _a[S.l. :
_bs.n.,
_c187?] (
_eParis :
_fTyp. George Chamerot)
300 _a46 p. ;
_c23 cm.
594 _aTít. tomado de principio del texto, ejemplar sin portada.
650 4 _aLibros raros-
_vBibliografías.
_9136416
852 _aES-MaACL
_jT-206-F-1
_z- Enc. en un vol. facticio, falto de cub. original
_z- Sello de "Libreria Estrangera y Nacional de C. Bailly Bailliere
999 _c162253
_d162253